000 01057nam0a22002651 4500
001 v19\rc\1424873
005 20260406164031.0
035 _a(NLR Aleph) 004550746
090 _a2138255
_c2138255
100 _a20060512d1885 |||y0rusy50 ca
101 0 _arus
102 _aRU
105 _ay z |||||
200 1 _aПанихида по в бозе почившем царе-освободителе
_e[Чит. в присутствии Купельск. вол. схода и сторонних лиц по случаю освящения иконы]
_fСост. Хар. Латка, крестьянин Волын. губ.
210 _aПроскуров
_d1885
215 _a[6], 13 с.
700 1 _aЛатка
_bХ.
_gХаритон
_4220
702 0 _4570
_8rus
_7ca
_aАлександр
_cимператор российский
_dII
_f1818-1881
_3RU\NLR\AUTH\7710521
_9120289
801 0 _aRU
_bNLR
_gpsbo
801 0 _aRU
_bRuMoRGB
_2psbo
801 1 _aRU
_bProSoft-M
_2rusmarc
852 _aNLR
_j18.222.3.27
899 _aБАН
942 _cBOOK
980 _aNB